Statistics for Pi Digits #13 1101-1200

Click here to take the quiz!

General Stats

  • This quiz has been taken 203 times
  • The average score is 15 of 20

Answer Stats

Digits% Correct
55748
100%
57242
100%
06959
91%
45415
91%
50829
87%
53311
87%
68617
78%
27855
74%
50983
74%
88907
74%
63746
65%
81754
65%
01671
61%
06040
61%
09277
61%
13900
61%
19255
61%
24012
61%
49393
61%
98488
61%

Score Distribution

Percentile by Number Answered

Percent of People with Each Score

Your Score History

You have not taken this quiz